000 00617nam a22002051 4500
001 sa 67000790
003 DLC
005 20260227112317.0
008 740123s1966 ii 00010 eng
010 _asa 67000790
025 _aPL480:I-E-6983
043 _aa-ii---
050 0 _aDS480.84
_b.J57
100 1 0 _aJog, Narayan Gopal.
245 1 0 _aUnderstanding India
_c[by] N. G. Jog.
260 0 _a[Delhi]
_bPublications Division [Ministry of Information and Broadcasting, Govt. of India,
_c1966]
300 _a64 p.
_c21 cm.
651 0 _aIndia
_xPolitics and government
_y1947-
651 0 _aIndia
_xHistory
_y1947-
999 _c72214
_d72214